=LDR 00000nam 2200000 4500 =001 INLIS000000000049369 =005 20170213093938.0 =006 =007 =008 =020 ##$$a 978-602-7686-52-8 =035 ##$$0010-021700000000161 =040 ##$$a NBPDMAT =082 ##$$a 899 .221 3 =090 ##$$a 899 .221 3 Abd m =100 ##$$a Abdulo Azizurrahman =245 ##$$a Momot meco mele ulek ( Surban tuan guru , jilid II ) : Kawin muda di jalani demi kelangsungan pomdok pesantren yang sangat di cintainya / $c Abdul Azizurrahman =260 ##$$a Pringgabaya : $b : KSU Primaguna, $c 2013 =300 ##$$a XIV, 73 hlm . ; $c 22 cm =650 ##$$a Fiksi Indonesia